Statistics for Soccer team by City #3

Click here to take the quiz!

General Stats

  • This quiz has been taken 34 times
  • The average score is 14 of 21

Answer Stats

TeamCity% Correct
LegiaWarsaw
94%
BSC Young BoysBern
91%
ShakhtarDonetsk
91%
Celta de ___Vigo
88%
PartizanBelgrade
82%
Kaizer ChiefsJohannesburg
79%
GrasshopperZurich
76%
FerencvarosBudapest
68%
Hibernian FCEdinburgh
68%
_____ TimbersPortland
68%
Gamba _____Osaka
65%
PAOKThessaloniki
65%
______ EvergrandeGuangzhou
62%
Rasenballsport ______Leipzig
59%
PeñarolMontevideo
56%
GremioPorto Alegre
56%
Al Hilal SFCRiyadh
53%
CruzeiroBelo Horizonte
41%
OsasunaPamplona
41%
MillonariosBogota
35%
Wydad ACCasablanca
35%

Score Distribution

Percentile by Number Answered

Percent of People with Each Score

Your Score History

You have not taken this quiz